[Event "Titled Tuesday intern op 23rd Apr Late"]
[Site "Chess.com INT"]
[Date "2024.04.23"]
[Round "1"]
[White "Dilmukhametov, Artur"]
[Black "Ismagilov, Damir"]
[Result "0-1"]
[WhiteElo "2276"]
[BlackElo "2143"]
[PlyCount "50"]
[EventDate "2024.04.23"]
[EventType "swiss (blitz)"]
[EventRounds "11"]
[EventCountry "USA"]
[SourceTitle "CB18_2024"]
[SourceDate "2024.05.01"]
[SourceVersion "1"]
[SourceVersionDate "2024.05.01"]
[SourceQuality "2"]

1. e4 c5 2. Nf3 d6 3. d4 cxd4 4. Nxd4 Nf6 5. Nc3 a6 6. Be3 e5 7. Nb3 Be7 8. f3 Be6 9. Qd2 h5 10. 0-0-0 Nbd7 11. Be2 b5 12. g4 hxg4 13. Nd5 b4 14. fxg4 Nxe4 15. Qd3 Bxd5 16. Qxd5 Nef6 17. Qc4 d5 18. Qd3 d4 19. Bg5 Nd5 20. Bxe7 Qxe7 21. Bf3 Nf4 22. Qe4 Rc8 23. Rhe1 d3 24. Qb7 0-0 25. c4 bxc3 0-1

[Event "Titled Tuesday intern op 23rd Apr Late"]
[Site "Chess.com INT"]
[Date "2024.04.23"]
[Round "4"]
[White "Ismagilov, Damir"]
[Black "Capdevila, Calixto"]
[Result "1-0"]
[WhiteElo "2143"]
[BlackElo "2107"]
[PlyCount "63"]
[EventDate "2024.04.23"]
[EventType "swiss (blitz)"]
[EventRounds "11"]
[EventCountry "USA"]
[SourceTitle "CB18_2024"]
[SourceDate "2024.05.01"]
[SourceVersion "1"]
[SourceVersionDate "2024.05.01"]
[SourceQuality "2"]

1. d4 Nf6 2. c4 g6 3. Nc3 d5 4. cxd5 Nxd5 5. e4 Nxc3 6. bxc3 Bg7 7. Bc4 c5 8. Ne2 Nc6 9. Be3 0-0 10. h4 h5 11. 0-0 Bg4 12. f3 Bd7 13. e5 Rc8 14. Rc1 Na5 15. Bd3 Be6 16. f4 Nc4 17. Bf2 Nb2 18. Qd2 Nxd3 19. Qxd3 c4 20. Qe3 Bf5 21. Ng3 Bd3 22. Rfd1 e6 23. Rxd3 cxd3 24. Qxd3 Qxh4 25. Ne4 Qxf4 26. Be3 Qg4 27. Rf1 Rcd8 28. Rf4 Bxe5 29. Rxg4 hxg4 30. Bg5 Rd7 31. Bf6 Bf4 32. Qf1 1-0

[Event "Titled Tuesday intern op 23rd Apr Late"]
[Site "Chess.com INT"]
[Date "2024.04.23"]
[Round "7"]
[White "Ismagilov, Damir"]
[Black "Corrales Jimenez, Fidel"]
[Result "0-1"]
[WhiteElo "2143"]
[BlackElo "2545"]
[PlyCount "110"]
[EventDate "2024.04.23"]
[EventType "swiss (blitz)"]
[EventRounds "11"]
[EventCountry "USA"]
[SourceTitle "CB18_2024"]
[SourceDate "2024.05.01"]
[SourceVersion "1"]
[SourceVersionDate "2024.05.01"]
[SourceQuality "2"]

1. d4 Nf6 2. c4 e6 3. Nf3 d5 4. Nc3 Bb4 5. Bg5 Nbd7 6. cxd5 exd5 7. Nd2 c6 8. e3 h6 9. Bh4 Nb6 10. Bd3 Qe7 11. 0-0 g5 12. Bg3 h5 13. e4 Bxc3 14. bxc3 dxe4 15. Nxe4 Nxe4 16. Bxe4 h4 17. Be5 f6 18. Bg6+ Kd8 19. f4 fxe5 20. fxe5 Be6 21. a4 Kc7 22. a5 Nc4 23. Qd3 Raf8 24. a6 Rxf1+ 25. Rxf1 Rf8 26. Rb1 b5 27. Be4 Qa3 28. Bf3 Bf5 29. Be4 Bxe4 30. Qxe4 Qe7 31. Rxb5 Rf1+ 32. Kxf1 Nd2+ 33. Ke2 Nxe4 34. Rb7+ Kd8 35. Rb8+ Kd7 36. Rb7+ Ke6 37. Rxe7+ Kxe7 38. Kd3 Nf2+ 39. Kc4 Ng4 40. Kc5 Kd7 41. e6+ Kc7 42. e7 Nf6 43. c4 Ne4+ 44. Kb4 Kd7 45. d5 Kxe7 46. dxc6 Kd6 47. Kb5 Kc7 48. c5 Nd2 49. Kb4 Kxc6 50. Kc3 Nf1 51. Kd4 Nxh2 52. Ke5 g4 53. Kf4 Kxc5 54. Kg5 h3 55. gxh3 g3 0-1

[Event "Titled Tuesday intern op 12th Mar Early"]
[Site "Chess.com INT"]
[Date "2024.03.12"]
[Round "4"]
[White "Fuentes Godoy, Lilia Ivonne"]
[Black "Ismagilov, Damir"]
[Result "0-1"]
[WhiteElo "2158"]
[BlackElo "2143"]
[PlyCount "52"]
[EventDate "2024.03.12"]
[EventType "swiss (blitz)"]
[EventRounds "11"]
[EventCountry "USA"]
[SourceTitle "CB12_2024"]
[SourceDate "2023.10.01"]
[SourceVersion "1"]
[SourceVersionDate "2023.10.01"]
[SourceQuality "1"]

1. d4 f5 2. c4 Nf6 3. g3 g6 4. Bg2 Bg7 5. Nc3 0-0 6. b3 d6 7. Nf3 e5 8. dxe5 dxe5 9. Qxd8 Rxd8 10. Bb2 e4 11. Nd2 a6 12. e3 Nc6 13. Ne2 Nb4 14. Bxf6 Bxf6 15. Rb1 Nxa2 16. Nxe4 fxe4 17. Bxe4 Nc3 18. Nxc3 Bxc3+ 19. Kf1 Bh3+ 20. Bg2 Bf5 21. e4 Be6 22. f4 Rd2 23. Rc1 Bb4 24. e5 Rad8 25. Bxb7 Bh3+ 26. Kg1 Bc5# 0-1

[Event "Titled Tuesday intern op 12th Mar Early"]
[Site "Chess.com INT"]
[Date "2024.03.12"]
[Round "5"]
[White "Ismagilov, Damir"]
[Black "Haug, Havard"]
[Result "0-1"]
[WhiteElo "2143"]
[BlackElo "2341"]
[PlyCount "58"]
[EventDate "2024.03.12"]
[EventType "swiss (blitz)"]
[EventRounds "11"]
[EventCountry "USA"]
[SourceTitle "CB12_2024"]
[SourceDate "2023.10.01"]
[SourceVersion "1"]
[SourceVersionDate "2023.10.01"]
[SourceQuality "1"]

1. d4 d5 2. c4 e6 3. Nc3 Nf6 4. cxd5 exd5 5. Bg5 Be7 6. e3 c6 7. Bd3 0-0 8. Qc2 h6 9. Bh4 Re8 10. Nge2 Nbd7 11. 0-0 Nh5 12. Bxe7 Qxe7 13. Rae1 Nf8 14. Nc1 Qg5 15. Kh1 Bd7 16. Nb3 b6 17. Ne2 Rac8 18. e4 dxe4 19. Bxe4 Nf6 20. Bf3 Bg4 21. Bxg4 Nxg4 22. h3 Qh4 23. Kg1 Nf6 24. Ng3 Ne6 25. Nf5 Qg5 26. Kh2 Nf4 27. g3 N4d5 28. Nd2 Nb4 29. Qc3 Nfd5 0-1

[Event "Titled Tuesday intern op 13th Feb Early"]
[Site "Chess.com INT"]
[Date "2024.02.13"]
[Round "1"]
[White "Dias, Joao Batista de Sou"]
[Black "Ismagilov, Damir"]
[Result "0-1"]
[WhiteElo "1746"]
[BlackElo "2143"]
[PlyCount "124"]
[EventDate "2024.02.13"]
[EventType "swiss (blitz)"]
[EventRounds "11"]
[EventCountry "USA"]
[SourceTitle "CB08_2024"]
[SourceDate "2024.02.21"]
[SourceVersion "1"]
[SourceVersionDate "2024.02.21"]
[SourceQuality "1"]

1. e4 c5 2. Nf3 e6 3. d4 cxd4 4. Nxd4 Nc6 5. Be3 Qc7 6. Bd3 a6 7. 0-0 Nf6 8. c3 Ne5 9. Bc2 Neg4 10. Nf3 Nxe3 11. fxe3 Bc5 12. Qe2 Ng4 13. h3 Nxe3 14. Kh1 Nxf1 15. Qxf1 h6 16. Nbd2 b5 17. Nb3 Be7 18. Rd1 Bb7 19. Nbd4 d6 20. a3 Bf6 21. Qd3 Qc4 22. Qd2 Rd8 23. Bd3 Qc5 24. Rf1 Ke7 25. Qe2 Rdf8 26. Re1 g5 27. e5 dxe5 28. Nxe5 Bxe5 29. Qxe5 Qxe5 30. Rxe5 Kd6 31. Re2 Bd5 32. Rd2 h5 33. Kh2 g4 34. h4 Rhg8 35. b3 Kc5 36. Bf1 Re8 37. c4 bxc4 38. bxc4 Bxc4 39. Rc2 Kxd4 40. Rxc4+ Ke3 41. Kg3 f5 42. Rc3+ Kd4 43. Rc6 e5 44. Rc4+ Kd5 45. Ra4 f4+ 46. Kh2 g3+ 47. Kg1 Rc8 48. Ra5+ Kd4 49. Rxa6 Rc1 50. Ra4+ Ke3 51. Rb4 Rd8 52. Rb3+ Ke4 53. Rb4+ Kf5 54. Rc4 Rdd1 55. Rxc1 Rxc1 56. a4 Ra1 57. a5 Ke6 58. a6 Kd6 59. a7 Kc5 60. a8Q Rxa8 61. Be2 Ra1+ 62. Bf1 Kd4 0-1

[Event "Titled Tuesday intern op 16th Jan Late"]
[Site "Chess.com INT"]
[Date "2024.01.16"]
[Round "8"]
[White "Baltaci, Ismail Tarik"]
[Black "Ismagilov, Damir"]
[Result "1-0"]
[WhiteElo "2084"]
[BlackElo "2143"]
[PlyCount "59"]
[EventDate "2024.01.16"]
[EventType "swiss (blitz)"]
[EventRounds "11"]
[EventCountry "USA"]
[SourceTitle "CB04_2024"]
[SourceDate "2023.10.16"]
[SourceVersion "1"]
[SourceVersionDate "2023.10.16"]
[SourceQuality "1"]

1. e4 g6 2. d4 Bg7 3. Nc3 d5 4. exd5 Nf6 5. Bb5+ Bd7 6. Be2 Bf5 7. Bf3 Nbd7 8. g4 Nxg4 9. Bxg4 Nf6 10. Bxf5 gxf5 11. Qf3 Qd7 12. Nge2 0-0-0 13. Rg1 Rhg8 14. Bf4 e6 15. dxe6 Qxe6 16. 0-0-0 Ne4 17. Nxe4 fxe4 18. Qc3 c6 19. Qa5 Kd7 20. Qxa7 Ke8 21. Qxb7 Qxa2 22. Qxc6+ Ke7 23. c3 Rb8 24. Bxb8 Rxb8 25. Qc7+ Ke6 26. Qxb8 Bh6+ 27. Kc2 Qa4+ 28. Qb3+ Qxb3+ 29. Kxb3 f5 30. d5+ 1-0

[Event "Titled Tuesday intern op 16th Jan Late"]
[Site "Chess.com INT"]
[Date "2024.01.16"]
[Round "2"]
[White "Ismagilov, Damir"]
[Black "Svane, Frederik"]
[Result "1-0"]
[WhiteElo "2143"]
[BlackElo "2625"]
[PlyCount "111"]
[EventDate "2024.01.16"]
[EventType "swiss (blitz)"]
[EventRounds "11"]
[EventCountry "USA"]
[SourceTitle "CB04_2024"]
[SourceDate "2023.10.16"]
[SourceVersion "1"]
[SourceVersionDate "2023.10.16"]
[SourceQuality "1"]

1. d4 Nf6 2. Bf4 b6 3. e3 Bb7 4. Nf3 Nh5 5. Bg5 h6 6. Bh4 g5 7. Nfd2 Nf4 8. Bg3 Nxg2+ 9. Bxg2 Bxg2 10. Rg1 Bb7 11. Nc3 d6 12. Qh5 Nd7 13. Nde4 Nf6 14. Nxf6+ exf6 15. 0-0-0 Qd7 16. d5 0-0-0 17. f4 Bg7 18. Rgf1 f5 19. fxg5 Ba6 20. Rfe1 hxg5 21. Qxg5 Bxc3 22. bxc3 Qa4 23. Qxf5+ Kb8 24. Qf4 Qxa2 25. Qb4 Bb7 26. c4 Rde8 27. Qb2 Qxc4 28. Rd4 Qc5 29. c4 b5 30. Qxb5 Qa3+ 31. Qb2 Rxe3 32. Qxa3 Rxa3 33. Re7 Rf3 34. c5 dxc5 35. Rc4 Bxd5 36. Rxc5 Bb7 37. Rcxc7 Rxg3 38. Rxb7+ Kc8 39. Rec7+ Kd8 40. Rd7+ Kc8 41. Rbc7+ Kb8 42. hxg3 Rh1+ 43. Kd2 Rh2+ 44. Ke3 Rh3 45. Kf3 a5 46. Rxf7 a4 47. Rce7 Rh8 48. Rb7+ Ka8 49. Ra7+ Kb8 50. Rfb7+ Kc8 51. Ra8+ Kxb7 52. Rxh8 a3 53. Rh1 Kc6 54. Ra1 Kc5 55. Rxa3 Kb4 56. Ra1 1-0

[Event "Titled Tuesday intern op 09th Jan Early"]
[Site "Chess.com INT"]
[Date "2024.01.09"]
[Round "2"]
[White "Ismagilov, Damir"]
[Black "Costachi, Mihnea"]
[Result "0-1"]
[WhiteElo "2143"]
[BlackElo "2471"]
[PlyCount "76"]
[EventDate "2024.01.09"]
[EventType "swiss (blitz)"]
[EventRounds "11"]
[EventCountry "USA"]
[SourceTitle "CB03_2024"]
[SourceDate "2024.01.17"]
[SourceVersion "1"]
[SourceVersionDate "2024.01.17"]
[SourceQuality "1"]

1. d4 Nf6 2. Bf4 e6 3. e3 b6 4. Nd2 Bb7 5. Ngf3 g6 6. h3 Bg7 7. Bd3 0-0 8. 0-0 d6 9. c3 Nbd7 10. Bh2 Qe7 11. Qe2 a5 12. e4 e5 13. Rfe1 Nh5 14. dxe5 dxe5 15. Qe3 Rad8 16. Rad1 Nc5 17. Nc4 Nxd3 18. Rxd3 Rxd3 19. Qxd3 Ba6 20. b3 Rd8 21. Qc2 Bxc4 22. bxc4 Qd6 23. g4 Nf4 24. Bxf4 exf4 25. Re2 Qd1+ 26. Kg2 Qxc2 27. Rxc2 Rd3 28. c5 Bxc3 29. cxb6 cxb6 30. Rc1 b5 31. Ne1 Bxe1 32. Rxe1 Ra3 33. Re2 f3+ 34. Kf1 fxe2+ 35. Kxe2 Rxa2+ 36. Ke3 a4 37. Kf4 Rxf2+ 38. Kg5 Kg7 0-1

[Event "Titled Tuesday intern op 09th Jan Early"]
[Site "Chess.com INT"]
[Date "2024.01.09"]
[Round "3"]
[White "Ismagilov, Damir"]
[Black "Cruz, William Ferreira Da"]
[Result "0-1"]
[WhiteElo "2143"]
[BlackElo "2216"]
[PlyCount "140"]
[EventDate "2024.01.09"]
[EventType "swiss (blitz)"]
[EventRounds "11"]
[EventCountry "USA"]
[SourceTitle "CB03_2024"]
[SourceDate "2024.01.17"]
[SourceVersion "1"]
[SourceVersionDate "2024.01.17"]
[SourceQuality "1"]

1. e4 e6 2. d4 d5 3. exd5 exd5 4. Bd3 Bd6 5. Ne2 Nf6 6. Bg5 h6 7. Bh4 Nc6 8. c3 0-0 9. 0-0 Bxh2+ 10. Kh1 Bd6 11. Nd2 Be7 12. Nf3 Bg4 13. Nh2 Bh5 14. Qc2 Ne4 15. Bxe7 Qxe7 16. Nf4 Qh4 17. Nxd5 Bg6 18. Nf4 Qxf4 19. Rae1 Rfe8 20. Nf3 Ng5 21. Bxg6 Nxf3 22. Bh7+ Kh8 23. gxf3 Qxf3+ 24. Kg1 g6 25. Re3 Qf6 26. Kg2 Kxh7 27. Rf3 Qe6 28. Rh1 Qg4+ 29. Rg3 Qe4+ 30. Qxe4 Rxe4 31. Rgh3 h5 32. Rf3 Kg7 33. b4 Rae8 34. b5 Ne7 35. Rb1 Nf5 36. Rd3 Rg4+ 37. Kf1 Rh4 38. Kg2 Ree4 39. a4 Reg4+ 40. Kf3 Rh3+ 41. Ke2 Rxd3 42. Kxd3 h4 43. Ke2 h3 44. Kf3 Rh4 45. a5 h2 46. Rh1 Kf6 47. c4 Nxd4+ 48. Kg3 Nf5+ 49. Kg2 g5 50. c5 b6 51. c6 bxa5 52. Ra1 h1Q+ 53. Rxh1 Rxh1 54. Kxh1 a4 55. b6 axb6 56. f4 a3 57. Kg2 a2 58. Kf3 a1Q 59. fxg5+ Kxg5 60. Ke4 Ng7 61. Kd5 Qa5+ 62. Kc4 Qc5+ 63. Kd3 Qxc6 64. Kd2 b5 65. Ke1 b4 66. Kf1 b3 67. Ke2 b2 68. Kf2 b1Q 69. Ke3 Qb3+ 70. Kd2 Qcc2+ 0-1

[Event "Titled Tuesday intern op 26th Sep Early"]
[Site "Chess.com INT"]
[Date "2023.09.26"]
[Round "4"]
[White "Ismagilov, Damir"]
[Black "Brown, Andrew"]
[Result "1-0"]
[WhiteElo "2150"]
[BlackElo "2279"]
[PlyCount "91"]
[EventDate "2023.09.26"]
[EventType "swiss (blitz)"]
[EventRounds "11"]
[EventCountry "USA"]
[SourceTitle "EXT 2024"]
[Source "ChessBase"]
[SourceDate "2023.10.10"]
[SourceVersion "1"]
[SourceVersionDate "2023.10.10"]
[SourceQuality "1"]

1. d4 d5 2. c4 e6 3. Nc3 Nf6 4. cxd5 exd5 5. Bg5 c6 6. e3 Bf5 7. Qf3 Bg6 8. Bxf6 Qxf6 9. Qxf6 gxf6 10. Nf3 Nd7 11. Nh4 Be7 12. Ne2 f5 13. Nf3 0-0-0 14. h4 h5 15. Nf4 Bb4+ 16. Kd1 Nf6 17. Bd3 Ne4 18. Ke2 Bd6 19. g3 Bxf4 20. gxf4 f6 21. Rag1 Rdg8 22. Nd2 Bf7 23. Nf1 Kd7 24. f3 Nd6 25. Kf2 b6 26. Rxg8 Rxg8 27. Ng3 Ke6 28. Rc1 Rc8 29. e4 fxe4 30. fxe4 dxe4 31. Nxe4 Nxe4+ 32. Bxe4 Kd6 33. a3 Bd5 34. Bg6 Rg8 35. Rg1 Rh8 36. Re1 c5 37. dxc5+ bxc5 38. Re8 Rh6 39. f5 c4 40. Ke3 Bg2 41. Re6+ Kc5 42. Rxf6 Bh3 43. Rf8 a5 44. Kf4 Kd6 45. Kg5 Ke7 46. Re8+ 1-0

[Event "Titled Tuesday intern op 26th Sep Early"]
[Site "Chess.com INT"]
[Date "2023.09.26"]
[Round "1"]
[White "Ismagilov, Damir"]
[Black "Mikhaylova, Irina"]
[Result "1-0"]
[WhiteElo "2150"]
[BlackElo "2216"]
[PlyCount "59"]
[EventDate "2023.09.26"]
[EventType "swiss (blitz)"]
[EventRounds "11"]
[EventCountry "USA"]
[SourceTitle "EXT 2024"]
[Source "ChessBase"]
[SourceDate "2023.10.10"]
[SourceVersion "1"]
[SourceVersionDate "2023.10.10"]
[SourceQuality "1"]

1. d4 Nf6 2. c4 g6 3. Nc3 d5 4. cxd5 Nxd5 5. e4 Nxc3 6. bxc3 Bg7 7. Qa4+ c6 8. Nf3 0-0 9. Be2 Nd7 10. 0-0 e5 11. Qc2 Qe7 12. Bg5 Qe6 13. Rad1 f6 14. Bh4 c5 15. dxe5 Nxe5 16. Nxe5 Qxe5 17. Rd5 Qe7 18. Bg3 Re8 19. Bd6 Qxe4 20. Qxe4 Rxe4 21. Bf3 Re8 22. Rxc5 Bf8 23. Bxf8 Kxf8 24. Rd1 Rb8 25. Rc7 Re7 26. Rd8+ Kf7 27. Bd5+ Be6 28. Bxe6+ Kxe6 29. Rxe7+ Kxe7 30. Rxb8 1-0

[Event "Titled Tuesday intern op 26th Sep Early"]
[Site "Chess.com INT"]
[Date "2023.09.26"]
[Round "5"]
[White "Mahitosh, Dey"]
[Black "Ismagilov, Damir"]
[Result "1-0"]
[WhiteElo "2232"]
[BlackElo "2150"]
[PlyCount "83"]
[EventDate "2023.09.26"]
[EventType "swiss (blitz)"]
[EventRounds "11"]
[EventCountry "USA"]
[SourceTitle "EXT 2024"]
[Source "ChessBase"]
[SourceDate "2023.10.10"]
[SourceVersion "1"]
[SourceVersionDate "2023.10.10"]
[SourceQuality "1"]

1. e4 e5 2. Nf3 Nc6 3. Bc4 Bc5 4. c3 Nf6 5. d3 d6 6. 0-0 h6 7. b4 Bb6 8. a4 a5 9. b5 Ne7 10. Nbd2 0-0 11. Ba2 c6 12. Nc4 Bc7 13. Re1 Ng6 14. Rb1 Re8 15. Ne3 d5 16. Qc2 Be6 17. Rd1 Qe7 18. bxc6 bxc6 19. Rb7 Reb8 20. Rxb8+ Rxb8 21. Nd2 d4 22. cxd4 exd4 23. Nf5 Bxf5 24. exf5 Nh4 25. g3 Qe2 26. Bb3 Ng4 27. Ne4 Nf3+ 28. Kg2 Ne1+ 29. Rxe1 Qxe1 30. h3 Ne5 31. f6 g5 32. Ba2 Qb4 33. f4 gxf4 34. gxf4 Ng6 35. Qxc6 Bxf4 36. Qd7 Qf8 37. Bxf4 Nxf4+ 38. Kf3 Ng6 39. Qg4 Kh7 40. Qh5 Rb2 41. Ng5+ Kg8 42. Qxg6+ 1-0

[Event "Titled Tuesday intern op 19th Sep Early"]
[Site "Chess.com INT"]
[Date "2023.09.19"]
[Round "1"]
[White "Cardozo Munar, Carlos Eduardo"]
[Black "Ismagilov, Damir"]
[Result "1-0"]
[WhiteElo "2043"]
[BlackElo "2150"]
[PlyCount "87"]
[EventDate "2023.09.19"]
[EventType "swiss (blitz)"]
[EventRounds "11"]
[EventCountry "USA"]
[SourceTitle "EXT 2024"]
[Source "ChessBase"]
[SourceDate "2023.10.10"]
[SourceVersion "1"]
[SourceVersionDate "2023.10.10"]
[SourceQuality "1"]

1. d4 Nf6 2. Bg5 d5 3. Bxf6 gxf6 4. g3 e5 5. Bg2 Be6 6. Nd2 Nc6 7. dxe5 fxe5 8. c3 Qd7 9. Qa4 Bc5 10. e3 0-0-0 11. Ngf3 f6 12. b4 Bb6 13. 0-0 Kb8 14. c4 dxc4 15. b5 Na5 16. Rfc1 Bd5 17. Rab1 h5 18. Rc2 h4 19. Nxh4 Rxh4 20. gxh4 Rg8 21. f3 Bxe3+ 22. Kh1 Qg7 23. Ne4 b6 24. Re1 Bd4 25. Ng3 Qh7 26. Re4 Bxe4 27. Nxe4 Qxh4 28. Re2 f5 29. Nd2 c3 30. Nf1 Nb7 31. Qc2 Qf4 32. Qd3 Nc5 33. Qc4 Rd8 34. a4 Qc1 35. a5 Qa1 36. a6 Qd1 37. Ra2 c2 38. Rxc2 Qe1 39. Qf7 e4 40. Qe7 Rc8 41. Rxc5 Bxc5 42. Qe6 c6 43. Qe5+ Rc7 44. Qxf5 1-0

[Event "Titled Tuesday intern op 19th Sep Early"]
[Site "Chess.com INT"]
[Date "2023.09.19"]
[Round "7"]
[White "Ismagilov, Damir"]
[Black "Herman, Daniel"]
[Result "1-0"]
[WhiteElo "2150"]
[BlackElo "1927"]
[PlyCount "73"]
[EventDate "2023.09.19"]
[EventType "swiss (blitz)"]
[EventRounds "11"]
[EventCountry "USA"]
[SourceTitle "EXT 2024"]
[Source "ChessBase"]
[SourceDate "2023.10.10"]
[SourceVersion "1"]
[SourceVersionDate "2023.10.10"]
[SourceQuality "1"]

1. d4 Nf6 2. c4 g6 3. Nc3 d5 4. cxd5 Nxd5 5. e4 Nxc3 6. bxc3 Bg7 7. Qa4+ Nd7 8. Nf3 0-0 9. Be2 b6 10. e5 Bb7 11. h4 c5 12. h5 cxd4 13. cxd4 Qc7 14. Bd2 Qc6 15. Qxc6 Bxc6 16. h6 Bh8 17. Rc1 Bd5 18. a4 f6 19. Rc7 Rfd8 20. Bb5 Be6 21. d5 Bg4 22. e6 Bxf3 23. exd7 Bxd5 24. 0-0 a6 25. Bb4 axb5 26. Bxe7 f5 27. Bxd8 Rxd8 28. Rc8 Bf6 29. Re1 Be4 30. f3 Kf7 31. Rxd8 Bxd8 32. fxe4 bxa4 33. exf5 gxf5 34. Re8 Be7 35. d8Q Bxd8 36. Rxd8 b5 37. Rb8 1-0

[Event "Titled Tuesday intern op 19th Sep Early"]
[Site "Chess.com INT"]
[Date "2023.09.19"]
[Round "4"]
[White "Ismagilov, Damir"]
[Black "Tristan, Leonardo"]
[Result "1-0"]
[WhiteElo "2150"]
[BlackElo "2523"]
[PlyCount "55"]
[EventDate "2023.09.19"]
[EventType "swiss (blitz)"]
[EventRounds "11"]
[EventCountry "USA"]
[SourceTitle "EXT 2024"]
[Source "ChessBase"]
[SourceDate "2023.10.10"]
[SourceVersion "1"]
[SourceVersionDate "2023.10.10"]
[SourceQuality "1"]

1. d4 d5 2. c4 e6 3. Nc3 h6 4. Nf3 Nf6 5. Bf4 Bd6 6. Bxd6 Qxd6 7. e3 0-0 8. Rc1 b6 9. cxd5 Nxd5 10. Nxd5 Qxd5 11. Bd3 Qxa2 12. 0-0 Qxb2 13. Rxc7 Ba6 14. Ne5 Qa3 15. Bxa6 Nxa6 16. Rb7 Qa2 17. Qh5 Nb4 18. Rxf7 Rxf7 19. Qxf7+ Kh7 20. Qg6+ Kg8 21. Nf7 Kf8 22. h4 Qd5 23. Ne5 Kg8 24. Rc1 Qd6 25. Nf7 Qe7 26. Nxh6+ Kh8 27. Nf7+ Kg8 28. Ng5 1-0

[Event "Titled Tuesday intern op 19th Sep Early"]
[Site "Chess.com INT"]
[Date "2023.09.19"]
[Round "3"]
[White "Rodriguez, Santiago"]
[Black "Ismagilov, Damir"]
[Result "0-1"]
[WhiteElo "2252"]
[BlackElo "2150"]
[PlyCount "54"]
[EventDate "2023.09.19"]
[EventType "swiss (blitz)"]
[EventRounds "11"]
[EventCountry "USA"]
[SourceTitle "EXT 2024"]
[Source "ChessBase"]
[SourceDate "2023.10.10"]
[SourceVersion "1"]
[SourceVersionDate "2023.10.10"]
[SourceQuality "1"]

1. d4 Nf6 2. Bg5 d5 3. Bxf6 gxf6 4. e3 c5 5. c4 e6 6. cxd5 Qxd5 7. Nc3 Qd8 8. dxc5 Bxc5 9. Qxd8+ Kxd8 10. 0-0-0+ Ke7 11. g3 Bd7 12. Bg2 Bc6 13. Bxc6 Nxc6 14. Nf3 f5 15. a3 h6 16. b4 Bb6 17. Kb2 Rhd8 18. Kb3 Rxd1 19. Rxd1 Rd8 20. Rxd8 Bxd8 21. a4 a5 22. b5 Nb4 23. Na2 Nd3 24. Nc1 Nxf2 25. Kc4 Bb6 26. Nb3 Nd1 27. Kd3 Nb2+ 0-1

[Event "Titled Tuesday intern op 12th Sep Early"]
[Site "Chess.com INT"]
[Date "2023.09.12"]
[Round "5"]
[White "Ismagilov, Damir"]
[Black "Fernandez Siles, Luis"]
[Result "0-1"]
[WhiteElo "2150"]
[BlackElo "2218"]
[PlyCount "72"]
[EventDate "2023.09.12"]
[EventType "swiss (blitz)"]
[EventRounds "11"]
[EventCountry "USA"]
[SourceTitle "EXT 2024"]
[Source "ChessBase"]
[SourceDate "2023.10.10"]
[SourceVersion "1"]
[SourceVersionDate "2023.10.10"]
[SourceQuality "1"]

1. d4 Nf6 2. c4 g6 3. Nc3 Bg7 4. e4 d6 5. Be2 0-0 6. Nf3 c5 7. d5 e6 8. 0-0 exd5 9. exd5 Bg4 10. h3 Bxf3 11. Bxf3 a6 12. a4 b6 13. Bg5 h6 14. Bf4 Ne8 15. Qd2 g5 16. Bh2 Nd7 17. Rae1 Ne5 18. Be2 f5 19. f4 gxf4 20. Rxf4 Qg5 21. Qc2 Ra7 22. Ref1 Raf7 23. Nd1 Ng6 24. R4f3 f4 25. Kh1 Nh4 26. Bd3 Nxf3 27. Rxf3 Be5 28. Nf2 Nf6 29. Qd2 Rg7 30. Ne4 Nxe4 31. Bxe4 Rgf7 32. b3 Bd4 33. Qe1 Re7 34. Qe2 Rfe8 35. Rxf4 Rxe4 36. Rxe4 Qc1+ 0-1

[Event "Titled Tuesday intern op 12th Sep Early"]
[Site "Chess.com INT"]
[Date "2023.09.12"]
[Round "2"]
[White "Ismagilov, Damir"]
[Black "Topalov, Aleksandar"]
[Result "1-0"]
[WhiteElo "2150"]
[BlackElo "2233"]
[PlyCount "109"]
[EventDate "2023.09.12"]
[EventType "swiss (blitz)"]
[EventRounds "11"]
[EventCountry "USA"]
[SourceTitle "EXT 2024"]
[Source "ChessBase"]
[SourceDate "2023.10.10"]
[SourceVersion "1"]
[SourceVersionDate "2023.10.10"]
[SourceQuality "1"]

1. d4 e6 2. c4 f5 3. Nc3 Nf6 4. a3 b6 5. Bf4 Bb7 6. e3 Be7 7. h4 0-0 8. Nh3 Ne4 9. Nxe4 Bxe4 10. Ng5 Bb7 11. d5 h6 12. Nf3 Bf6 13. Qd2 d6 14. dxe6 Qe7 15. Nd4 Bxd4 16. Qxd4 Qxe6 17. f3 Nd7 18. Bd3 Nc5 19. Bc2 Qg6 20. Kf2 Ne6 21. Qc3 Nxf4 22. exf4 Rae8 23. Rae1 Qf7 24. b4 g6 25. Qd4 h5 26. Bd3 Rxe1 27. Rxe1 Re8 28. Rxe8+ Qxe8 29. Qf6 Qf7 30. Qd8+ Kg7 31. Qb8 Bc6 32. Qxa7 d5 33. c5 bxc5 34. Qxc5 Bb7 35. Qd4+ Kh7 36. Qe5 c6 37. Qd6 Qg7 38. Qe5 Qf7 39. a4 Qd7 40. a5 Qc8 41. Qe7+ Kh6 42. Qf7 Ba6 43. Bc2 Qb7 44. Qxb7 Bxb7 45. Bd3 Kg7 46. a6 Ba8 47. Ke3 Kf6 48. Kd4 Ke7 49. Kc5 Kd7 50. Kb6 d4 51. Ka7 c5 52. Kxa8 cxb4 53. Kb7 b3 54. a7 b2 55. a8Q 1-0

[Event "Titled Tuesday intern op 05th Sep Early"]
[Site "Chess.com INT"]
[Date "2023.09.05"]
[Round "10"]
[White "Gegenfurtner, Juergen"]
[Black "Ismagilov, Damir"]
[Result "1-0"]
[WhiteElo "2326"]
[BlackElo "2150"]
[PlyCount "97"]
[EventDate "2023.09.05"]
[EventType "swiss (blitz)"]
[EventRounds "11"]
[EventCountry "USA"]
[SourceTitle "EXT 2024"]
[Source "ChessBase"]
[SourceDate "2023.10.10"]
[SourceVersion "1"]
[SourceVersionDate "2023.10.10"]
[SourceQuality "1"]

1. d4 Nf6 2. c4 e6 3. Nf3 d5 4. g3 dxc4 5. Bg2 Bb4+ 6. Bd2 a5 7. 0-0 0-0 8. Qc2 Bxd2 9. Nbxd2 b5 10. a4 c6 11. e3 Nd5 12. Rfd1 Qb6 13. Ne4 Na6 14. Ne5 f6 15. Nf3 Nab4 16. Qb1 Nd3 17. Ne1 Nxe1 18. Rxe1 e5 19. Nc5 Rb8 20. axb5 Qxb5 21. Na4 Ba6 22. dxe5 fxe5 23. Qe4 Rbe8 24. Nc3 Qxb2 25. Nxd5 Qxf2+ 26. Kh1 cxd5 27. Qxd5+ Kh8 28. Rf1 Qb2 29. Qd6 Qb4 30. Qxa6 c3 31. Rxf8+ Rxf8 32. Qxa5 Qxa5 33. Rxa5 Rb8 34. Be4 g6 35. Rc5 Rb4 36. Bd3 e4 37. Bc2 Kg7 38. Kg2 Kf6 39. Kf2 Ke6 40. Ke2 Kd6 41. Rxc3 Ke5 42. Rc7 Kd6 43. Rxh7 Rb2 44. Kd2 Ra2 45. Rh6 Ke5 46. Rxg6 Ra1 47. Rg4 Rh1 48. Rxe4+ Kf6 49. Rf4+ 1-0